000 00860nam a22002297a 4500
005 20120904102240.0
008 120903t xxu||||| |||| 00| 0 eng d
010 _aENG-105781
020 _a9788178797090
_c750.00
035 _aEN-89314
037 _bDBAD/PUB
040 _aDPL
_bEnglish
082 _a613.2082
245 _aNutrition for women /
_cedited and compiled by Ravindra R. Kawade
260 _aNew Delhi
_bSports Publication
_c2012
270 _a7/26, Ground Floor, Ansari Road, Darya Ganj
_bNew Delhi
_e110002
300 _a264 p.
_c22cm(Hb)
500 _aIncludes bibliographical references
700 _aKawade, Ravindra R.
_951967
942 _2ddc
_cEN
_h613.2082
_mNUT
999 _c69695
_d69695